| 000 | 00488cam a2200193ua 4500 | ||
|---|---|---|---|
| 020 | _c84.00 | ||
| 041 |
_aeng _h |
||
| 082 |
_a581 _bMCL/TE |
||
| 100 | _aMclean, R C . | ||
| 245 |
_aText book of theoretical botany vol-1 / _cR C Mclean. _hTextual Documents |
||
| 260 |
_aLondon : _bLongman Green and Co , _c1958. |
||
| 300 | _a1073 ; . | ||
| 365 | _a84.00 | ||
| 500 | _a**Reference | ||
| 504 | _a | ||
| 700 | 1 | _aCook, Ivimey W R . | |
| 942 | _cBK | ||
| 999 |
_c10183 _d10183 |
||